Normal view
MARC view
- Marnham, Patrick
Entry Personal Name
001 - CONTROL NUMBER
- control field: 99168
003 - CONTROL NUMBER IDENTIFIER
- control field: NUST
005 - DATE AND TIME OF LATEST TRANSACTION
- control field: 20221005161058.0
008 - FIXED-LENGTH DATA ELEMENTS
- fixed length control field: 221005|| aca||aabn | a|a d
040 ## - CATALOGING SOURCE
- Original cataloging agency: NUST
- Transcribing agency: NUST
100 ## - HEADING--PERSONAL NAME
- Personal name: Marnham, Patrick
670 ## - SOURCE DATA FOUND
- Source citation: Work cat.: (NUST)0: Marnham, Patrick., Road to Katmandu /, 2005.
